000 00552nam a2200169 u 4500
005 20210223130248.0
008 070907s1984 r 000 0 eng d
035 _aUPN01000151748
049 _aCG
050 4 _aHX158.7
_bT6.2
100 1 _aTorres Molina, Osvaldo
245 1 0 _aApuntes para la historia del movimiento comunista, obrero y campesino en Matanzas, 1869-1958 /
_cOsvaldo Torres Molina.
260 _aLa Habana :
_bPolĂ­tica,
_c1984.
300 _a137, [20] p. :
_bil.
650 4 _aCOMUNISTAS -
_zCUBA -
_vBIOGRAFIA
_98321
905 _aLibro
999 _c123884
_d123884